000 00674nam a2200253Ia 4500
003 OSt
005 20221006143953.0
006 a|||||r|||| 00| 0
007 ta
008 221006b |||||||| |||| 00| 0 eng d
020 _c
_8.50
024 _a10,528
037 _cTextual
040 _aEASL
_cEASL
_beng
041 _2eng
_aeng
082 _aW41xM96, J7
100 _aWITTFOGEL Karl A
245 0 _aOriental despotism
_b A comparative study of total power
260 _aNew Havan
_b Yale University Press
_c1957
300 _a556p.
_ccm.
490 _v Oth
942 _hW41xM96, J7
_cTEXL
_2CC
999 _c1078614
_d1078614